Marvel Villains Whose Names Start with 'Lady' - Statistics

General Stats
  • This quiz has been taken 13 times
  • The average score is 5 of 10
Answer Stats
Picture Answer % Correct
Lady Liberty
100%
Lady Octopus
100%
Lady Deathstrike
83%
Lady Bullseye
75%
Lady Stilt-Man
50%
Lady Lotus
25%
Lady Mastermind
25%
Ladyfair
17%
Lady Iron Fan
17%
Lady Trident
17%
No matching quizzes found
Score Distribution
Percent of People with Each Score
Percentile by Number Answered
Your Score History
You have not taken this quiz